000
00339nam a2200145Ia 4500
005
20251222141930.0
008
251222s9999||||xx |||||||||||||| ||spa||
020
_a
84-7155-342-2
082
_a
808.027/M63
100
_a
Miranda Podadera, Luis
245
0
_a
Curso de Redacción:
250
_a
2a.ed.
264
_b
Pantagrama
942
_c
LIB
999
_c
9000
_d
9000